000
00271nam a2200109Ia 4500
008
190912s9999||||xx |||||||||||||| ||und||
100
_a
Murray R.Spiegel
245
0
_a
Schaums Outline Vector Analysis
260
_a
India
_b
McGraw Hill
_c
2004
300
_a
225
942
_c
BK
999
_c
7905
_d
7905